LEADER 01157nam0-22003371i-450- 001 990002411490403321 005 20100419153604.0 010 $a88-386-2128-4 035 $a000241149 035 $aFED01000241149 035 $a(Aleph)000241149FED01 035 $a000241149 100 $a20030910d2002----km-y0itay50------ba 101 1 $aita$ceng 200 1 $aPrincipi di medicina interna$etest di autovalutazione da usarsi con Harrison Principi di medicina interna$feditor Richard M. Stone$gcontributing editor Daniel J. DeAngelo$ged. italiana a cura di Cesare Scandellari 210 $aMilano [etc.]$cMcGraw-Hill$d2002 215 $aX, 389 p.$cill.$d27 cm 300 $a1. ed. italiana della 15. ed. americana 610 0 $aMedicina interna 676 $a616 702 1$aDeAngelo,$bDaniel J. 702 1$aHarrison,$bTinsley Randolph$f<1900-1978> 702 1$aScandellari,$bCesare 702 1$aStone,$bRichard M. 801 0$aIT$bUNINA$gRICA$2UNIMARC 901 $aBK 912 $a990002411490403321 952 $a90 R 1a 64 III$b2277$fFMEBC 959 $aFMEBC 996 $aHarrison's principles of internal medicine$960160 997 $aUNINA LEADER 01319nam0-2200337---450- 001 990002673810203316 005 20090310182627.0 035 $a000267381 035 $aUSA01000267381 035 $a(ALEPH)000267381USA01 035 $a000267381 100 $a20051018h----2002|||a0itay0103----ba 101 0 $aita 102 $aIT 105 $ay|||z|||001yy 200 1 $aDocumento di programmazione economico-finanziaria$eper gli anni 2003-2006$fpresentato dal Presidente del Consiglio dei Ministri Silvio Berlusconi e dal Ministro dell'economia e delle finanze Giulio Tremonti$edeliberato dal Consiglio dei Ministri il 5 luglio 2002 210 $aRoma$cIstituto Poligrafico e Zecca dello Stato$h2002 215 $aX, 124 p.$d30 cm. 300 $aIn cop.: Ministero dell'economia e della finanze 606 0 $aItalia$xProgrammazione economica 676 $a338. 945 710 01$aItalia.$bPresidenza del Consiglio dei Ministri$0254944 801 $aIT$bsalbc$gISBD$bSALBC$gISBD 912 $a990002673810203316 951 $a338.945 DOC 1/4(ISE II 361/2003-2006)$b34882 G.$cISE II$d00094765 959 $aBK 969 $aECO 979 $aRENATO$b90$c20051018$lUSA01$h1157 979 $aRSIAV1$b90$c20090310$lUSA01$h1826 996 $aDocumento di programmazione economico-finanziaria$91488095 997 $aUNISA LEADER 00718nam0-2200253 --450 001 9910436659703321 005 20210215132835.0 010 $a9781107037472$bhbk 100 $a20210215d2016----kmuy0itay5050 ba 101 $aeng 102 $aGB 105 $a 001yy 200 1 $a<>sublime in antiquity$fJames I. Porter 210 $aCambridge$cCambridge University Press$d2016 215 $axxii, 690 p.$cill.$d24 cm 676 $a111.850938 700 1$aPorter,$bJames I.$0476688 801 0$aIT$bUNINA$gREICAT$2UNIMARC 901 $aBK 912 $a9910436659703321 952 $aP2B 250 PORTER J.I. 2016$b2020/1890$fFLFBC 959 $aFLFBC 996 $aSublime in antiquity$91766121 997 $aUNINA LEADER 01926nam0 22004213i 450 001 UBO3166443 005 20251003044423.0 010 $a9788838736421 100 $a20070410d2007 ||||0itac50 ba 101 | $aita$cita 102 $ait 181 1$6z01$ai $bxxxe 182 1$6z01$an 183 1$6z01$anc$2RDAcarrier 200 1 $aTecniche costruttive per l'efficienza energetica e la sostenibilità$econ cd-rom contenente$eschede dei particolari esecutivi in formato dwg e dxf; immagine delle fasi esecutive di cantiere$fPaolo Rava 210 $aSantarcangelo di Romagna$cMaggioli$d[2007] 215 $a366 p.$cill.$d30 cm$e1 CD-ROM 225 | $aProgettazione tecniche & materiali$v94 410 0$1001RMG0029659$12001 $aProgettazione tecniche & materiali$v94 500 10$aTecniche costruttive per l'efficienza energetica e la sostenibilità$3CAG2151895$9RAVV103542$9103183 606 $aEdifici$xIsolamento termico$2FIR$3CFIC000244$9E 606 $aEdifici$xImpianti termici$xRendimento ottimale$xProgrammi per microelaboratori$2FIR$3CFIC082757$9I 676 $a693.8$9COSTRUZIONE PER SPECIFICI SCOPI$v14 676 $a693.832$9EDIFICI. Costruzione per specifici scopi. Isolamento termico$v22 696 $aFabbricati 696 $aRendimenti ottimali$aFabbricati 699 $aEdifici$yFabbricati 699 $aRendimento ottimale$zRendimenti ottimali 699 $aEdifici$yFabbricati 700 1$aRava$b, Paolo$c $3RAVV103542$4070$0447976 801 3$aIT$bIT-000000$c20070410 850 $aIT-BN0095 901 $bNAP 01$cSALA DING $n$ 912 $aUBO3166443 950 0$aBiblioteca Centralizzata di Ateneo$c1 v.$d 01SALA DING 693.8 RAV.te$e 0102 0000063875 VMA A4 1 v.$fY $h20071031$i20071031 977 $a 01 996 $aTecniche costruttive per l'efficienza energetica e la sostenibilità$9103183 997 $aUNISANNIO